Statistics for 2024 NBA all-star starters

Click here to take the quiz!

General Stats

  • This quiz has been taken 118 times
  • The average score is 9 of 10

Answer Stats

PositionAnswer% Correct
PFLeBron James
99%
PFGiannis Antetokounmpo
96%
CJoel Embiid
96%
CNikola Jokić
95%
PGLuka Dončić
91%
SGShai Gilgeous-Alexander
88%
PGDamian Lillard
87%
SFKevin Durant
87%
SFJayson Tatum
86%
SGTyrese Haliburton
76%

Score Distribution

Percentile by Number Answered

Percent of People with Each Score

Your Score History

You have not taken this quiz